25/26 Premier League teams, managers, captains and top scorers - Statistics

General Stats
  • This quiz has been taken 9 times
  • The average score is 44 of 72
Answer Stats
Answer % Correct
Arne Slot
100%
Mikel Arteta
100%
Benjamin Šeško
88%
Bruno Fernandes
88%
Eddie Howe
88%
Enzo Maresca
88%
Martin Ødegaard
88%
Michael Carrick
88%
Nuno Espírito Santo
88%
Ollie Watkins
88%
Pep Guardiola
88%
Ruben Amorim
88%
Unai Emery
88%
Andoni Iraola
75%
Bernardo Silva
75%
Daniel Farke
75%
Erling Haaland
75%
Fabian Hürzeler
75%
Hugo Ekitike
75%
Igor Tudor
75%
Jean-Philippe Mateta
75%
Marco Silva
75%
Oliver Glasner
75%
Viktor Gyökeres
75%
Virgil van Dijk
75%
Beto
63%
Bruno Guimarães
63%
Bryan Mbeumo
63%
Cristian Romero
63%
Danny Welbeck
63%
David Moyes
63%
Graham Potter
63%
Igor Thiago
63%
Jarrod Bowen
63%
John McGinn
63%
Junior Kroupi
63%
Keith Andrews
63%
Liam Rosenior
63%
Morgan Gibbs-White
63%
Roberto De Zerbi
63%
Séamus Coleman
63%
Thomas Frank
63%
Adam Smith
50%
Ange Postecoglou
50%
Dean Henderson
50%
Granit Xhaka
50%
Harry Wilson
50%
João Pedro
50%
Lewis Dunk
50%
Marc Guéhi
50%
Reece James
50%
Rodrigo Gomes
50%
Scott Parker
50%
Sean Dyche
50%
Toti Gomes
50%
Zian Flemming
50%
Brian Brobbey
38%
Dominic Calvert-Lewin
38%
Ethan Ampadu
38%
Josh Cullen
38%
Mike Jackson
38%
Nathan Collins
38%
Régis Le Bris
38%
Richarlison
38%
Rob Edwards
38%
Ryan Yates
38%
Tom Cairney
38%
Vítor Pereira
38%
Calum McFarlane
25%
Mateus Mané
25%
Santiago Bueno
25%
Tolu Arokodare
25%
No matching quizzes found
Score Distribution
Percent of People with Each Score
Percentile by Number Answered
Your Score History
You have not taken this quiz